Распознавание музыкальных инструментов на основе нейросетевого анализа амплитудно-частотных характеристик; Современные техника и технологии; Т. 2
| Parent link: | Современные техника и технологии: сборник трудов XX международной научно-практической конференции студентов, аспирантов и молодых ученых, Томск, 14-18 апреля 2014 г./ Национальный исследовательский Томский политехнический университет (ТПУ).— , 2014 Т. 2.— 2014.— [С. 247-248] |
|---|---|
| Κύριος συγγραφέας: | |
| Συγγραφή απο Οργανισμό/Αρχή: | |
| Άλλοι συγγραφείς: | |
| Περίληψη: | Заглавие с титульного экрана |
| Γλώσσα: | Ρωσικά |
| Έκδοση: |
2014
|
| Σειρά: | Информатика и управление в технических системах |
| Θέματα: | |
| Διαθέσιμο Online: | http://earchive.tpu.ru/handle/11683/20823 http://www.lib.tpu.ru/fulltext/c/2014/C01/V2/121.pdf |
| Μορφή: | MixedMaterials Ηλεκτρονική πηγή Κεφάλαιο βιβλίου |
| KOHA link: | https://koha.lib.tpu.ru/cgi-bin/koha/opac-detail.pl?biblionumber=607006 |
MARC
| LEADER | 00000naa2a2200000 4500 | ||
|---|---|---|---|
| 001 | 607006 | ||
| 005 | 20260311153432.0 | ||
| 035 | |a (RuTPU)RU\TPU\conf\4385 | ||
| 035 | |a RU\TPU\conf\4382 | ||
| 090 | |a 607006 | ||
| 100 | |a 20140625d2014 k y0rusy50 ca | ||
| 101 | 0 | |a rus | |
| 102 | |a RU | ||
| 135 | |a drcn ---uucaa | ||
| 181 | 0 | |a i | |
| 182 | 0 | |a b | |
| 200 | 1 | |a Распознавание музыкальных инструментов на основе нейросетевого анализа амплитудно-частотных характеристик |f Ф. В. Станкевич |g науч. рук. А. А. Белоусов | |
| 203 | |a Текст |c электронный | ||
| 225 | 1 | |a Информатика и управление в технических системах | |
| 300 | |a Заглавие с титульного экрана | ||
| 320 | |a [Библиогр.: с. 248 (3 назв.)] | ||
| 337 | |a Adobe Reader | ||
| 461 | 1 | |0 (RuTPU)RU\TPU\conf\3687 |t Современные техника и технологии |o сборник трудов XX международной научно-практической конференции студентов, аспирантов и молодых ученых, Томск, 14-18 апреля 2014 г. |o в 3 т. |f Национальный исследовательский Томский политехнический университет (ТПУ) |d 2014 | |
| 463 | 1 | |0 (RuTPU)RU\TPU\conf\3689 |t Т. 2 |v [С. 247-248] |d 2014 | |
| 610 | 1 | |a труды учёных ТПУ | |
| 610 | 1 | |a электронный ресурс | |
| 610 | 1 | |a распознавание | |
| 610 | 1 | |a музыкальные инструменты | |
| 610 | 1 | |a нейросетевой анализ | |
| 610 | 1 | |a амплитудно-частотная характеристика | |
| 610 | 1 | |a тембр | |
| 700 | 1 | |a Станкевич |b Ф. В. |c специалист в области информатики и вычислительной техники |c лаборант Томского политехнического университета |f 1990- |g Филипп Владимирович |3 (RuTPU)RU\TPU\pers\33453 | |
| 702 | 1 | |a Белоусов |b А. А. |c специалист в области информатики и вычислительной техники |c доцент Томского политехнического университета, кандидат технических наук |f 1984- |g Артем Анатольевич |4 727 | |
| 712 | 0 | 2 | |a Национальный исследовательский Томский политехнический университет (ТПУ) |b Институт кибернетики (ИК) |b Кафедра вычислительной техники (ВТ) |3 (RuTPU)RU\TPU\col\18699 |
| 801 | 2 | |a RU |b 63413507 |c 20210310 |g RCR | |
| 856 | 4 | |u http://earchive.tpu.ru/handle/11683/20823 | |
| 856 | 4 | |u http://www.lib.tpu.ru/fulltext/c/2014/C01/V2/121.pdf | |
| 942 | |c CF | ||